00520nam a2200121 a 450000100100000000500170001000800410002704000250006811000270009324501710012026000650029130000420035600003278820200930065832.0110726s1929 dr 000 0 spa d aDO-SdBNPbspacBNPHU1 aRepública Dominicana10aInforme que la honorable Congreso Nacional presenta a la Cámara de Cuentas de de la República sobre el ejercicio Fiscal y Municipal correspondiente al año 1928. aSanto Domingo :bImp. J. R. vda. García, Sucesores,c1929. a1v. Con varias paginaciones ;c30 cm.